skbl

Dr Suryya Kumar Bhuyan Library Web-OPAC
ডঃ সূৰ্য্য
কুমাৰ ভূঞা পুথিভঁৰাল ৱেব-অ'পেক

All Research Scholars are advised to clear the annual library fees to continue using Library Resources, Remote Access, Plagiarism Test and Library Clearance.

Cotton University Book Fair 2026

Ralph waldo Emerson: Selected essays, lectures and poems / (Record no. 6025)

MARC details
000 -LEADER
fixed length control field 00675nam a2200241Ia 4500
001 - CONTROL NUMBER
control field 6038
005 - DATE AND TIME OF LATEST TRANSACTION
control field 20240113233900.0
007 - PHYSICAL DESCRIPTION FIXED FIELD--GENERAL INFORMATION
fixed length control field ta
008 - FIXED-LENGTH DATA ELEMENTS--GENERAL INFORMATION
fixed length control field 050624s1990 a g b000 u eng u
020 ## - INTERNATIONAL STANDARD BOOK NUMBER
International Standard Book Number 0-553-21388-1
040 ## - CATALOGING SOURCE
Original cataloging agency Eng. stack ( Gen )
041 ## - LANGUAGE CODE
Language code of text/sound track or separate title eng
082 ## - DEWEY DECIMAL CLASSIFICATION NUMBER
Classification number 824.8
Item number Ri 393 Se
100 ## - MAIN ENTRY--PERSONAL NAME
Personal name Richardson, Robert D. .
245 #0 - TITLE STATEMENT
Title Ralph waldo Emerson: Selected essays, lectures and poems /
Statement of responsibility, etc. Robert D. Richardson.
Medium Textual Documents
250 ## - EDITION STATEMENT
Edition statement 1st ed /
260 ## - PUBLICATION, DISTRIBUTION, ETC.
Place of publication, distribution, etc. New Yorks :
Name of publisher, distributor, etc. Bantam Books ,
Date of publication, distribution, etc. 1990.
300 ## - PHYSICAL DESCRIPTION
Extent vi, 393p. :
Other physical details ill ;
Dimensions 18cm .
653 ## - INDEX TERM--UNCONTROLLED
Uncontrolled term English-Essays
942 ## - ADDED ENTRY ELEMENTS (KOHA)
Source of classification or shelving scheme Dewey Decimal Classification
Koha item type Books
Holdings
Withdrawn status Lost status Damaged status Not for loan Collection Home library Current library Date acquired Coded location qualifier Total checkouts Full call number Barcode Date last seen Copy number Price effective from Koha item type
          Dr. Suryya Kumar Bhuyan Library Dr. Suryya Kumar Bhuyan Library 01/02/2012 00000   824.8 Ri 393 Se 172/Eng 13/01/2024 1 01/02/2012 Books

Designed and Maintained by Team SKBL
©1901-2026

Powered by Koha